000 00319nam a2200133 i 4500
001 bg
100 1 _aHarasymowicz, Jan
_d(1921- ).
245 0 _aNarzędzia skrawające /
_cJan Harasymowicz.
260 _aKraków,
_c1980.
040 _cBPK
041 _apol
942 _cKS
008 s pl f |000 0 pol
999 _c20064
_d20064
856 _uhttp://koha.tu.koszalin.pl/cgi-bin/koha/opac-detail.pl?biblionumber=20064
_yKatalog online BPK